Indian diplomacy : (Record no. 155100)

MARC details
000 -LEADER
fixed length control field 00646nam a22001937a 4500
005 - DATE AND TIME OF LATEST TRANSACTION
control field 20180730142028.0
010 ## - LCCN (DPL NO)
LC control number ENG-123615
020 ## - INTERNATIONAL STANDARD BOOK NUMBER
Terms of availability 795.00
International Standard Book Number 9780199482184
035 ## - SYSTEM CONTROL NUMBER
System control number EN-107147
037 ## - SOURCE OF ACQUISITION
Source of stock number/acquisition DBAD/PUB.
082 ## - DEWEY DECIMAL CLASSIFICATION NUMBER
Classification number 327.54
100 ## - MAIN ENTRY--PERSONAL NAME
Personal name Abhyankar, Rajendra M.
245 ## - TITLE STATEMENT
Title Indian diplomacy :
Statement of responsibility, etc by Rajendra M. Abhyankar
Remainder of title beyond strategic autonomy /
260 ## - PUBLICATION, DISTRIBUTION, ETC. (IMPRINT)
Place of publication, distribution, etc New Delhi
Name of publisher, distributor, etc Oxford University Press
Date of publication, distribution, etc 2018
270 ## - ADDRESS
Address 2/11, Ground Floor, Ansari Road, Daryaganj,
City New Delhi
Postal code 110002
300 ## - PHYSICAL DESCRIPTION
Extent xxxiv,421p.
Dimensions 22cm(Hb)
500 ## - GENERAL NOTE
General note It includes select bibliography and index
942 ## - ADDED ENTRY ELEMENTS (KOHA)
Source of classification or shelving scheme Dewey Decimal Classification
Item type English Books
Classification part 327.54
Call number suffix ABH
Holdings
Withdrawn status Lost status Not for loan Collection code Home library Current library Date acquired Source of acquisition Cost, normal purchase price Full call number Barcode Copy number Cost, replacement price Koha item type
    Not For Loan Non-fiction D.B.Act.Division Sarojini Nagar 30/07/2018 DBAD/PUB 795.00 327.54 ABH EN-107147 1 795.00 English Books

© Delhi Public Library
Hit Counter
free hit counter